Women's health / (Record no. 2921)
[ view plain ]
| 000 -LEADER | |
|---|---|
| fixed length control field | 00794pam a2200241 a 4500 |
| 001 - CONTROL NUMBER | |
| control field | 2959673 |
| 005 - DATE AND TIME OF LATEST TRANSACTION | |
| control field | 20250123123214.0 |
| 008 - FIXED-LENGTH DATA ELEMENTS--GENERAL INFORMATION | |
| fixed length control field | 910329s1992 nyua 001 0 eng |
| 020 ## - INTERNATIONAL STANDARD BOOK NUMBER | |
| International Standard Book Number | 0895773988 |
| 050 00 - LIBRARY OF CONGRESS CALL NUMBER | |
| Classification number | RA778 |
| Item number | .W753 1992 |
| 082 00 - DEWEY DECIMAL CLASSIFICATION NUMBER | |
| Classification number | 613/.04244 |
| Edition information | 20 |
| 245 00 - TITLE STATEMENT | |
| Title | Women's health / |
| Statement of responsibility, etc. | medical editor, Charles B. Clayman. |
| 260 ## - PUBLICATION, DISTRIBUTION, ETC. | |
| Place of publication, distribution, etc. | Pleasantville, N.Y. : |
| Name of publisher, distributor, etc. | Reader's Digest Association, |
| Date of publication, distribution, etc. | c1992. |
| 300 ## - PHYSICAL DESCRIPTION | |
| Extent | 144 p. : |
| Other physical details | col. ill. ; |
| Dimensions | 29 cm. |
| 440 #4 - SERIES STATEMENT/ADDED ENTRY--TITLE | |
| Title | The American Medical Association home medical library |
| 500 ## - GENERAL NOTE | |
| General note | At head of title: The American Medical Association. |
| 500 ## - GENERAL NOTE | |
| General note | Includes index. |
| 650 #0 - SUBJECT ADDED ENTRY--TOPICAL TERM | |
| Topical term or geographic name entry element | Women |
| General subdivision | Health and hygiene. |
| 650 #0 - SUBJECT ADDED ENTRY--TOPICAL TERM | |
| Topical term or geographic name entry element | Women |
| General subdivision | Diseases. |
| 700 1# - ADDED ENTRY--PERSONAL NAME | |
| Personal name | Clayman, Charles B. |
| 710 2# - ADDED ENTRY--CORPORATE NAME | |
| Corporate name or jurisdiction name as entry element | American Medical Association. |
| 942 ## - ADDED ENTRY ELEMENTS (KOHA) | |
| Source of classification or shelving scheme | Library of Congress Classification |
| Koha item type | Books |
| Suppress in OPAC | No |
| 999 ## - | |
| -- | 2921 |
| -- | 2921 |
| Withdrawn status | Lost status | Source of classification or shelving scheme | Damaged status | Not for loan | Collection | Home library | Current library | Shelving location | Date acquired | Total checkouts | Full call number | Barcode | Date last seen | Copy number | Price effective from | Koha item type |
|---|---|---|---|---|---|---|---|---|---|---|---|---|---|---|---|---|
| Library of Congress Classification | Non-fiction | Science Library (Miotso) | Science Library (Miotso) | General stacks | 01/23/2025 | RA778 .W753 WOM | SLM00002316 | 01/23/2025 | 1 | 01/23/2025 | Books |